Prescription for natural cures : (Record no. 207)
[ view plain ]
| 000 -LEADER | |
|---|---|
| fixed length control field | 04742cam a22003494a 4500 |
| 005 - DATE AND TIME OF LATEST TRANSACTION | |
| control field | 20260322212010.0 |
| 008 - FIXED-LENGTH DATA ELEMENTS--GENERAL INFORMATION | |
| fixed length control field | data |
| 010 ## - LIBRARY OF CONGRESS CONTROL NUMBER | |
| LC control number | 2010050400 |
| 020 ## - INTERNATIONAL STANDARD BOOK NUMBER | |
| International Standard Book Number | 9780470891773 (pbk.) |
| 020 ## - INTERNATIONAL STANDARD BOOK NUMBER | |
| International Standard Book Number | 0470891777 |
| 040 ## - CATALOGING SOURCE | |
| Original cataloging agency | DLC |
| Transcribing agency | DLC |
| 042 ## - AUTHENTICATION CODE | |
| Authentication code | pcc |
| 050 00 - LIBRARY OF CONGRESS CALL NUMBER | |
| Classification number | RZ440 |
| Item number | .B285 2011 |
| 082 00 - DEWEY DECIMAL CLASSIFICATION NUMBER | |
| Classification number | 615.5/35 |
| Edition information | 22 |
| 084 ## - OTHER CLASSIFICATION NUMBER | |
| Classification number | HEA000000 |
| Number source | bisacsh |
| 096 ## - LOCALLY ASSIGNED NLM-TYPE CALL NUMBER (OCLC) | |
| Classification number | WB 935 B285 2011 |
| 001 - CONTROL NUMBER | |
| control field | data |
| 100 1# - MAIN ENTRY--PERSONAL NAME | |
| Personal name | Balch, James F., |
| Dates associated with a name | 1933- |
| 245 10 - TITLE STATEMENT | |
| Title | Prescription for natural cures : |
| Remainder of title | a self-care guide for treating health problems with natural remedies including diet, nutrition, supplements, and other holistic methods / |
| Statement of responsibility, etc. | James F. Balch, Mark Stengler & Robin Young-Balch. |
| 250 ## - EDITION STATEMENT | |
| Edition statement | revised ed. |
| 260 ## - PUBLICATION, DISTRIBUTION, ETC. | |
| Place of publication, distribution, etc. | Hoboken : |
| Name of publisher, distributor, etc. | Wiley, |
| Date of publication, distribution, etc. | 2011. |
| 300 ## - PHYSICAL DESCRIPTION | |
| Extent | xi, 723 p. : |
| Other physical details | ill. ; |
| Dimensions | 29 cm. |
| 504 ## - BIBLIOGRAPHY, ETC. NOTE | |
| Bibliography, etc. note | Includes bibliographical references and index. |
| 505 8# - FORMATTED CONTENTS NOTE | |
| Formatted contents note | Machine generated contents note: Preface. -- Acknowledgements. -- How to Use This Book. -- Part One: Conditions. -- Abscesses and Boils. -- Acne. -- Aging. -- AIDS and HIV. -- Alcoholism. -- Allergies. -- Alzheimer's Disease. -- Anemia. -- Angina. -- Anorexia Nervosa. -- Anxiety. -- Arteriosclerosis. -- Arthritis. -- Asthma. -- Athlete's Foot. -- Attention-Deficit-Hyperactivity Disorder. -- autism. -- Back Pain. -- Bad Breath (Halitosis). -- Bee Stings. -- Bladder Infection (Cystitis). -- Blood Pressure, High. -- Bone Fractures. -- Brittle Nails. -- Bronchitis. -- Bruises. -- Bulimia. -- Burns (including Sunburn). -- Cancer. -- Candidiasis (Thrush and Yeast Infection). -- Cardiovascular Disease. -- Carpal Tunnel Syndrome (CTS). -- Cataracts. -- Cervical Dysplasia. -- Cholesterol, High. -- Chronic Fatigue Syndrome (CFS). -- Colic. -- Common Cold. -- Constipation. -- Cough. -- Crohn's Disease. -- Cystitis. -- Depression. -- Diabetes. -- Diarrhea. -- Diverticulitis. -- Dizziness. -- Drug Addiction. -- Ear Infection. -- Eating Disorders (Anorexia Nervosa and Bulimia). -- Eczema. -- Endometriosis. -- Fever. -- Fibrocystic Breasts. -- Fibroids, Uterine. -- Fibromyalgia. -- Flu. -- Food Allergies/Sensitivities. -- Food Poisoning. -- Gallbladder Problems. -- Gastritis. -- Gingivitis. -- Glaucoma. -- Gluten Sensitivity. -- Gout. -- Hair Loss. -- Halitosis. -- Headache. -- Hearing Loss. -- Hemorrhoids. -- Heart Attack and Heart Disease. -- Hepatitis. -- Herpes. -- Herpes Zoster. -- Hiatal Hernia and Acid Reflux Disease. -- High Blood Pressure. -- High Cholesterol. -- HIV. -- Hives. -- Hyperthyroidism. -- Hypoglycemia. -- Hypothyroidism. -- Impotence. -- Infertility. -- Influenza. -- Insomnia. -- Irritable Bowel Syndrome. -- Jet Lag. -- Kidney Stones. -- Lupus. -- Macular Degeneration. -- Memory Problems. -- Menopause. -- Motion Sickness. -- MRSA. -- Multiple Sclerosis. -- Muscle Aches and Cramps. -- Obesity. -- Osteoporosis. -- Parasites. -- Parkinson's Disease. -- Poisoning. -- Pregnancy-Related Problems. -- Premenstrual Syndrome (PMS). -- Prostate Enlargement (Benign Prostatic Hyperplasia). -- Prostatitis. -- Psoriasis. -- Rosacea. -- Seasonal Affective Disorder (SAD). -- Shingles (Herpes Zoster). -- Sinusitis. -- Sore Throat. -- Sprains and Strains. -- Stroke. -- Substance Abuse (Drug and Alcohol Addiction). -- Syndrome X. -- TMJ (Temporomandibular Joint) Syndrome. -- Thrush. -- Tinnitus. -- Underactive Thyroid. -- Ulcers. -- Uterine Fibroids. -- Vaginitis. -- Varicose Veins. -- Vertigo. -- Warts. -- Yeast Infection. -- Part Two: The Essentials of Natural Medicine. -- Diet and Nutrition. -- Fasting. -- Nutritional Supplements. -- Herbal Medicine. -- Homeopathy. -- Aromatherapy. -- Traditional Chinese Medicine: Acupuncture and Acupressure. -- Hydrotherapy. -- Natural Hormones. -- Bodywork. -- Exercise and Stress Reduction. -- Part Three: Appendix. -- A Natural Health-Care Modalities and Resource Guide. -- Glossary. -- Index. -- About the Authors. |
| 520 ## - SUMMARY, ETC. | |
| Summary, etc. | "The new edition of this invaluable guide has been thoroughly updated to reflect the very latest research and recommendations. This revised edition prescribes remedies for almost 200 conditions, including 20 new entries such gluten sensitivity and MRSA. You'll find easy-to-understand discussions of the symptoms and root causes of each health problem along with a proven, natural, customized prescription that may include supplements, herbal medicine, homeopathy, aromatherapy, Chinese medicine, hydrotherapy, bodywork, natural hormones, and other natural cures in addition to nutritional advice"-- |
| Assigning source | Provided by publisher. |
| 650 #0 - SUBJECT ADDED ENTRY--TOPICAL TERM | |
| Topical term or geographic name entry element | Naturopathy |
| Form subdivision | Popular works. |
| 650 #0 - SUBJECT ADDED ENTRY--TOPICAL TERM | |
| Topical term or geographic name entry element | Alternative medicine |
| Form subdivision | Popular works. |
| 650 #0 - SUBJECT ADDED ENTRY--TOPICAL TERM | |
| Topical term or geographic name entry element | Self-care, Health. |
| 650 #7 - SUBJECT ADDED ENTRY--TOPICAL TERM | |
| Topical term or geographic name entry element | HEALTH & FITNESS / General |
| Source of heading or term | bisacsh. |
| 700 1# - ADDED ENTRY--PERSONAL NAME | |
| Personal name | Stengler, Mark. |
| 700 1# - ADDED ENTRY--PERSONAL NAME | |
| Personal name | Young-Balch, Robin. |
| Withdrawn status | Lost status | Damaged status | Not for loan | Home library | Current library | Shelving location | Date acquired | Total checkouts | Full call number | Barcode | Date last seen | Price effective from | Koha item type |
|---|---|---|---|---|---|---|---|---|---|---|---|---|---|
| Riverside | Riverside | General stacks | 22/03/2026 | 615.5/35 22 | BC0010214 | 22/03/2026 | 22/03/2026 | Books |